Transformação Digital nas organizações (Registo nº 202151)

Detalhes MARC
000 -Etiqueta do registo
Valores 00759nam 22002293 4500
010 ## - Número ISBN
ISBN 978-989-561-441-7
021 ## - Número do Depósito Legal
Número 553938/25
100 ## - Dados gerais de processamento
Dados gerais 20260513d u||y0pory50 ba
200 ## - Titulo e menção de responsabilidade
Título próprio Transformação Digital nas organizações
Informação de outro título fundamentos, tecnologias e estratégia
Primeira menção de responsabilidade Pedro Isaías, Paula Miranda, Sara Pífano
205 ## - Menção da edição
Edição
210 ## - Publicação
Local de publicação Lisboa
Nome do editor Edições Sílabo
Data de publicação 2025
215 ## - Descrição física 
Paginação / Volumes 156 p.
Outras indicações físicas brochado
Dimensões 24 cm
606 ## - Nome comum usado como assunto
ID Autoridade 13668
Palavra de ordem Ciência e tecnologia informáticas. Computação. Processamento de dados
675 ## - CDU
Notação 004
Edição PT
Língua por
700 ## - Autor principal (pessoa individual)
ID Autoridade 17296
Apelido Isaías
Nome Pedro
701 ## - Co-autor principal (pessoa individual)
ID Autoridade 17297
Apelido Miranda
Nome Paula
701 ## - Co-autor principal (pessoa individual)
ID Autoridade 17298
Apelido Pífano
Nome Sara
801 ## - Fonte de origem
País PT
Agência BMMN
Regras de catalogação RPC
830 ## - Notas gerais do catalogador
Criado por Fernando
Indexado por Fernando
990 ## - Elementos KOHA
Tipo de documento Livro
Exemplares
Situação do levantamento Biblioteca de origem Código de barras Cota Permissão de empréstimo Tipo de documento Forma de aquisição
  Biblioteca Municipal de Montemor-o-Novo 31592 004 ISA|LG   Livro Oferta

Powered by Koha